000 00416nam a2200157Ia 4500
008 160316s1997 xxu||||| |||| 00| 0 eng d
082 _a346.066260
_bTHA
100 _aThakur Jayanth M
245 _aLaw and practice of mergers and aquisitions
250 _a
260 _aMumbai
_bSnow White
_c1997
300 _a573p
_b
_c
365 _b475/-
650 _a1.Corporate Law - Mergers - Acquisitions
700 _a
_a
999 _c11787
_d11787